Buena ortografía sin esfuerzo con PNL : (Registro nro. 13728)

Detalles MARC
000 -LIDER
fixed length control field 00792nam a2200241 a 4500
001 - NÚMERO DE CONTROL
Identificador de número de control
003 - IDENTIFICACDOR DE NÚMERO DE CONTROL
control field DO-SdBNP
005 - DATE AND TIME OF LATEST TRANSACTION
control field 20210914105024.0
008 - ELEMENTOS DE LONGITUD FIJA
fixed length control field 180606s2018 dr a 000 spa d
020 ## - ISBN
International Standard Book Number 9789945131963
040 ## - FUENTE DE CATALOGACIÓN
Agencia que crea de manera original el registro DO-SdBNP
Idioma de catalogación spa
Agencia que realiza la transcripción BPMSU
082 ## - NÚMERO DE CLASIFICACIÓN DECIMAL DE DEWEY
Classification number 411
Item number G112b 2018
Edition number 22
100 1# - ASIENTO PRINCIPAL -- NOMBRE PERSONAL
Nombre personal Gabarró Berbegal, Daniel
245 10 - MENCIÓN DE TITULO
Título Buena ortografía sin esfuerzo con PNL :
Subtítulo propuesta metodológica para docentes /
Mención de responsabilidad Daniel Gabarró Berbegal ; Conxita Puigarnau Gracia.
260 ## - PUBLICACIÓN, DISTRIBUCIÓN, ETC. (PIE DE IMPRENTA)
Lugar de publicación, distribución, etc Santo Domingo :
Nombre del editor, distribuidor, etc. Mediabyte,
Fecha de publicación, distribución, etc 2018.
300 ## - DESCRIPCIÓN FÍSICA
Extensión 86 p. :
Otros detalles físicos il. ;
Dimensiones 22 cm.
590 ## - NOTA LOCAL
Texto de la nota local Inventariado,2021/VM
650 #4 - ENCABEZAMIENTO DE MATERIA--TEMÁTICO
Término temático o nombre geográfico como elemento de entrada Español
Subdivisión temática general Ortografía
-- Enseñanza
650 #4 - ENCABEZAMIENTO DE MATERIA--TEMÁTICO
Término temático o nombre geográfico como elemento de entrada Español
Subdivisión temática general Gramática
-- Enseñanza
700 ## - ASIENTO SECUNDARIO -- NOMBRE PERSONAL
Nombre personal Puigarnau Gracia, Conxita
910 ## - VALIDACIÓN
Validación VMateo V.
942 ## - ADDED ENTRY ELEMENTS (KOHA)
Source of classification or shelving scheme Dewey Decimal Classification
Koha item type Libros
Existencias
Withdrawn status Lost status Source of classification or shelving scheme Damaged status Not for loan Collection code Home library Current library Date acquired Source of acquisition Total Checkouts Full call number Barcode Date last seen Price effective from Koha item type Copy number
    Dewey Decimal Classification     Colección Dominicana Biblioteca Pública Metropolitana Salomé Ureña Biblioteca Pública Metropolitana Salomé Ureña 09/14/2021 Mediabyte   BPMSU CD 411 G112b 2018 BPMSU21090066 09/14/2021 09/14/2021 Libros  
    Dewey Decimal Classification     Colección Dominicana Biblioteca Pública Metropolitana Salomé Ureña Biblioteca Pública Metropolitana Salomé Ureña 09/14/2021 Mediabyte   BPMSU CD 411 G112b 2018 BPMSU21090067 09/14/2021 09/14/2021 Libros e.2